| 000 | 01305nam a2200217Ia 4500 | ||
|---|---|---|---|
| 999 |
_c15785 _d15785 |
||
| 003 | OSt | ||
| 005 | 20220106124625.0 | ||
| 008 | 160316s1998 xxu||||| |||| 00| 0 eng d | ||
| 020 | _a1854318349 | ||
| 040 | _c. | ||
| 082 |
_a345.02 ADD _bADD |
||
| 100 | _aAddison Neil | ||
| 245 | _aHarassment law and practice | ||
| 260 |
_aLondon _bBlackstone Press Pvt. Ltd. _c1998 |
||
| 300 |
_a240p _cxxiii |
||
| 365 | _bRs.1,798.89 | ||
| 505 | _aContents; Introduction; Table of Cases; Table of Statutes; Table of Secondary Legislation; I. Common law tort of harassment 2. Protection from Harassment Act 1997 statutory tort 3. Protection from Harassment Act 1997 criminal offenses 4. Family Law Act 1996: domestic violence and harassment 5. Housing Act 1996 6. Public nuisance 7. Injunctions, remedies, and enforcement 8. Restraining orders 9. Harassment in the workplace 10. Crime and Disorder Act 1998 Appendix I Protection from Harassment Act 1997 Appendix 2 Rules of court governing proceedings under the Protection from Harassment Act 1997 Appendix 3 Protection from Harassment (Northern Ireland) Order 1997 Index | ||
| 650 | _a1. Criminal Law - Harassment - U K2. Harassment Laws - U K3. Protection of Harassment - U K | ||
| 700 |
_aLawson-Cruttenden Timothy _a |
||
| 942 |
_2ddc _cBK |
||